| 000 | 00378nam a22001457a 4500 | ||
|---|---|---|---|
| 020 | _a9780140449136 | ||
| 040 | _cNUST | ||
| 082 | _a891.733,DOS | ||
| 100 |
_aDostoyevsky, Fyodor _964996 |
||
| 245 |
_aCrime and Punishment / _cFyodor Dostoyevsky |
||
| 260 |
_aSiberia _bPenguin Classics) _c2003 |
||
| 300 | _a488 p.; | ||
| 650 |
_aNovel _92525 |
||
| 942 |
_2ddc _cFIC _k891.733,DOS |
||
| 999 |
_c617397 _d617397 |
||